Statistiques concernant Trouve ces 20 préfecture française aléatoire.

Cliquez ici pour prendre le quiz!

Statistiques générales

  • Ce quiz a été pris 140 fois
  • Le résultat moyen est 15 sur 20

Statistiques - réponses

DépartementsPréfectureNuméro% Correct
Corse-du-Sud Ajaccio 2A
100%
Yonne Auxerre 89
100%
Vaucluse Avignon 84
100%
Gironde Bordeaux 33
100%
Côte-d'Or Dijon 21
100%
Isère Grenoble 38
100%
Charente-Maritime La Rochelle 17
100%
Nord Lille 59
100%
Rhône Lyon 69
100%
Bouches-du-Rhône Marseille 13
100%
Loire Saint-Étienne 42
100%
Var Toulon 83
100%
Somme Amiens 80
93%
Haute-Corse Bastia 2B
93%
Guyane Cayenne 973
93%
Ardèche Privas 07
93%
Territoire de Belfort Belfort 90
92%
Hautes-Alpes Gap 05
92%
Hérault Montpellier 34
92%
Finistère Quimper 29
92%
Calvados Caen 14
91%
Sarthe Le Mans 72
91%
Bas-Rhin Strasbourg 67
91%
Mayenne Laval 53
90%
Loire-Atlantique Nantes 44
89%
Seine-Maritime Rouen 76
89%
Haute-Savoie Annecy 74
88%
Ille-et-Vilaine Rennes 35
88%
Aube Troyes 10
88%
Loiret Orléans 45
87%
Haut-Rhin Colmar 68
86%
Haute-Loire Le Puy-en-Velay 43
86%
Pyrénées-Atlantiques Pau 64
86%
Seine-et-Marne Melun 77
85%
Puy-de-Dôme Clermont-Ferrand 63
83%
Alpes-Maritimes Nice06
83%
Manche Saint-Lô 50
83%
Yvelines Versailles 78
83%
Loir-et-Cher Blois 41
82%
Moselle Metz 57
82%
Vienne Poitiers 86
82%
Oise Beauvais 60
80%
Essonne Évry-Courcouronnes 91
80%
Ariège Foix 09
80%
Mayotte Mamoudzou976
80%
La Réunion Saint-Denis 974
80%
Haute-Garonne Toulouse 31
79%
Charente Angoulême 16
78%
Savoie Chambéry 73
78%
Vendée La Roche-sur-Yon 85
78%
Indre-et-Loire Tours 37
78%
Seine-Saint-Denis Bobigny 93
77%
Lot-et-GaronneAgen 47
75%
Pas-de-Calais Arras 62
75%
Cher Bourges 18
75%
Alpes-de-Haute-Provence Digne-les-Bains 04
75%
Tarn-et-Garonne Montauban 82
75%
Meurthe-et-Moselle Nancy 54
75%
Dordogne Périgueux 24
75%
Côtes-d'Armor Saint-Brieuc 22
75%
Drôme Valence 26
75%
Tarn Albi 81
73%
Orne Alençon 61
73%
Haute-Vienne Limoges 87
73%
Nièvre Nevers 58
73%
Cantal Aurillac 15
71%
Vosges Épinal 88
71%
Pyrénées-Orientales Perpignan 66
70%
Morbihan Vannes 56
70%
Maine-et-Loire Angers 49
69%
Gers Auch 32
69%
Allier Moulins 03
69%
Hauts-de-Seine Nanterre 92
69%
Aisne Laon 02
67%
Gard Nîmes 30
67%
Corrèze Tulle 19
67%
Guadeloupe Basse-Terre 971
65%
AinBourg-en-Bresse01
64%
Lot Cahors 46
64%
Landes Mont-de-Marsan 40
64%
Martinique Fort-de-France 972
62%
Meuse Bar-le-Duc 55
60%
Doubs Besançon 25
60%
Eure-et-LoirChartres 28
58%
Aude Carcassonne 11
57%
Saône-et-Loire Mâcon 71
57%
Aveyron Rodez 12
57%
Val-d'Oise Cergy 95
54%
Ardennes Charleville-Mézières 08
54%
Deux-Sèvres Niort 79
54%
Haute-Marne Chaumont 52
50%
Eure Évreux 27
50%
Creuse Guéret 23
50%
Lozère Mende 48
50%
Haute-Saône Vesoul 70
46%
Val-de-Marne Créteil 94
44%
Marne Châlons-en-Champagne 51
42%
Hautes-Pyrénées Tarbes 65
40%
Jura Lons-le-Saunier 39
36%
Paris Paris75
30%
Indre Châteauroux 36
27%

Distribution des résultats

Percentile par nombre de réponses

% des personnes avec chaque résultat

Votre développement - résultats

Vous n’avez pas pris ce quiz